Представление документа в формате MARC21

Поле Инд. ПП Название Значение
Тип записи a
Библиографический уровень m
001 Контрольный номер 0b4915af55674953815f12551ba679d3
005 Дата корректировки 20200415185007.7
008 Кодируемые данные 200415s1985 ru |||||||||||000|||rus|d
040 a Служба первич. каталог. ЦГБ г. В. Луки
b Код языка каталог. rus
041 0_ a Код языка текста rus
084 2 Источник индекса rubbk
a Индекс другой классификации/Индекс ББК 65.04
090 x Авторский знак К 85
j Имя библиотеки ЦГБ г. В. Луки
097 b Оператор КИС-р
100 1_ a Автор Крыжановский Р. А.
245 10 a Заглавие Ресурс будущего: (Морская вода. Эффективность освоения)
260 a Место издания Москва
b Издательство Мысль
c Дата издания 1985
300 a Объем 172 с.
b Иллюстрации/ тип воспроизводства ил.
650 14 a Основная рубрика Вода
901 t Тип документа m